Evaluación del efecto del tratamiento químico con ácido sulfúrico diluido del material lignocelulósico del rastrojo de piña, para la producción de azúcares como sustrato en la reacción de reformado en fase acuosa (APR)

Furkejuvvon:
Bibliográfalaš dieđut
Váldodahkki: Jaikel Víquez, Jimena, 1995-
Eará dahkkit: Ulate Brenes, Adolfo Mauricio,1977- Director del TFG
Materiálatiipa: Girji
Giella:Spanish
Almmustuhtton: San José, Costa Rica 2020
Fáttát:
Fáddágilkorat: Lasit fáddágilkoriid
Eai fáddágilkorat, Lasit vuosttaš fáddágilkora!

MARC

LEADER 00000nam a2200000Ia 4500
003 013531
005 20230411150109.0
008 140116s2020 cr a 000 ||spa d
040 |c cru CEDI 
100 |a Jaikel Víquez, Jimena, 1995-  |9 344 
245 |a Evaluación del efecto del tratamiento químico con ácido sulfúrico diluido del material lignocelulósico del rastrojo de piña, para la producción de azúcares como sustrato en la reacción de reformado en fase acuosa (APR) 
260 |a San José, Costa Rica  |c 2020 
500 |a  Proyecto de graduación (licenciatura en ingeniería química)--Universidad de Costa Rica. Facultad de Ingeniería. Escuela de Ingeniería Química 
501 |a Director de Proyecto de Graduación: Ing. Adolfo Ulate Brenes, M.Sc. 
650 |x PIÑA - RESIDUOS - ANALISIS QUIMICO   |x LIGNOCELULOSA - ANALISIS QUIMICO   |x GLUCOSA - PRODUCCION   |x AZUCARES - PRODUCCION  |x LIGNOCELULOSA - APLICACIONES INDUSTRIALES   |x PIÑA - RESIDUOS - APLICACIONES INDUSTRIALES   |x HIDROLISIS ENZIMATICA - ANALISIS  
700 |a Ulate Brenes, Adolfo Mauricio,1977-   |d Director del TFG   |9 20 
942 |c CEDI  |h TFG 8682  |6 TFG_8682_000000000000000 
999 |c 22033  |d 22033